Koncentrovaný zápas s kriminalitou
Podľa prezídia Policajného zboru u nás mafie vlastne nefungujú, existujú len viaceré zločinecké skupiny. Boj Ministerstva vnútra so zločineckými skupinami. Organizovaný zločin v krajinách s vyspelejšou ekonomikou a na Slovensku. Zapájanie cudzincov do našich zločineckých štruktúr a opačne. Relativit...
Guardado en:
| Autor principal: | |
|---|---|
| Formato: | Capítulo de libro |
| Lenguaje: | eslovaco |
| Materias: | |
| Etiquetas: |
Sin Etiquetas, Sea el primero en etiquetar este registro!
|
MARC
| LEADER | 00000naa$a2200000$$$4500 | ||
|---|---|---|---|
| 001 | 0092360 | ||
| 005 | 20231016090007.2 | ||
| 041 | 0 | |a slo | |
| 044 | |a SK | ||
| 245 | 1 | 0 | |a Koncentrovaný zápas s kriminalitou |c Peter Ondera |
| 520 | |a Podľa prezídia Policajného zboru u nás mafie vlastne nefungujú, existujú len viaceré zločinecké skupiny. Boj Ministerstva vnútra so zločineckými skupinami. Organizovaný zločin v krajinách s vyspelejšou ekonomikou a na Slovensku. Zapájanie cudzincov do našich zločineckých štruktúr a opačne. Relativita štatistík. | ||
| 610 | 2 | 0 | |a kriminalita |
| 610 | 2 | 0 | |a činnosť trestná |
| 610 | 2 | 0 | |a polícia |
| 610 | 2 | 0 | |a Slovensko |
| 100 | 1 | |a Ondera, Peter | |